माधवी की देहगाथा / (Record no. 207364)
[ view plain ]
| 000 -LEADER | |
|---|---|
| fixed length control field | 00824nam a22001937a 4500 |
| 005 - DATE AND TIME OF LATEST TRANSACTION | |
| control field | 20241203141154.0 |
| 010 ## - LCCN (DPL NO) | |
| LC control number | HIN-128880 |
| 020 ## - INTERNATIONAL STANDARD BOOK NUMBER | |
| International Standard Book Number | 9788119996520 |
| Terms of availability | 650.00 |
| 035 ## - SYSTEM CONTROL NUMBER | |
| System control number | HN-101226 |
| 037 ## - SOURCE OF ACQUISITION | |
| Source of stock number/acquisition | DBAD |
| 082 ## - DEWEY DECIMAL CLASSIFICATION NUMBER | |
| Classification number | उ |
| 100 ## - MAIN ENTRY--PERSONAL NAME | |
| Personal name | मिश्र, शची |
| 245 ## - TITLE STATEMENT | |
| Title | माधवी की देहगाथा / |
| Statement of responsibility, etc | शची मिश्र |
| 250 ## - EDITION STATEMENT | |
| Edition statement | प्रथम |
| 260 ## - PUBLICATION, DISTRIBUTION, ETC. (IMPRINT) | |
| Place of publication, distribution, etc | प्रयागराज |
| Name of publisher, distributor, etc | लोकभारती प्रकाशन |
| Date of publication, distribution, etc | 2024 |
| 270 ## - ADDRESS | |
| Address | पहली मंजिल, दरबारी बिल्डिंग, महात्मा गाँधी मार्ग |
| City | प्रयागराज |
| Postal code | 211001 |
| Electronic mail address | info@lokbhartiprakashan.com |
| 300 ## - PHYSICAL DESCRIPTION | |
| Extent | 224 पृ. |
| Dimensions | 22 सेमी (सजिल्द) |
| 942 ## - ADDED ENTRY ELEMENTS (KOHA) | |
| Source of classification or shelving scheme | Dewey Decimal Classification |
| Item type | Hindi Books |
| Classification part | उ |
| Call number suffix | मिश्रश |
| Withdrawn status | Lost status | Not for loan | Collection code | Home library | Current library | Date acquired | Source of acquisition | Cost, normal purchase price | Full call number | Barcode | Copy number | Cost, replacement price | Koha item type |
|---|---|---|---|---|---|---|---|---|---|---|---|---|---|
| Fiction | Bawana | Bawana | 03/12/2024 | DBAD | 650.00 | उ मिश्रश | HN-101226 | 1 | 650.00 | Hindi Books |
